Statistics for Most streamed songs of all time - Spotify (As of March 2017)

Click here to take the quiz!

General Stats

  • This quiz has been taken 486 times
  • The average score is 40 of 99

Answer Stats

#ArtistNo. of StreamsSong% Correct
3The Chainsmokers & Halsey895,427,000Closer
82%
51Ed Sheeran507,911,000Shape of You
81%
16Adele672,576,000Hello
80%
4Justin Bieber881,396,000Sorry
79%
12Mark Ronson & Bruno Mars694,690,000Uptown Funk
76%
59Pharrell Williams491,185,891Happy
72%
25Wiz Khalifa & Charlie Puth626,479,000See You Again
71%
20Rihanna & Drake645,832,000Work
70%
17Lukas Graham670,767,0007 Years
69%
10Omi731,428,000Cheerleader
69%
18Twenty One Pilots662,921,000Stressed Out
68%
40John Legend552,791,000All of Me
66%
2Major Lazer, DJ Snake & MO950,112,000Lean On
66%
22Hozier642,998,000Take Me to Church
66%
5Justin Bieber836,851,000Love Yourself
63%
33Sia580,730,000Chandelier
61%
1Drake, Wizkid & Kyla1,147,759,000One Dance
61%
55Zayn497,599,000Pillowtalk
61%
57Avicii496,192,000Wake Me Up
59%
47DNCE520,120,000Cake by the Ocean
56%
19Shawn Mendes660,968,000Stitches
56%
52Robin Schulz & Francesco Yates506,021,000Sugar
56%
31Maroon 5593,738,000Sugar
56%
13Sia & Sean Paul684,089,000Cheap Thrills
55%
27Alan Walker616,280,000Faded
55%
39Passenger555,892,000Let Her Go
55%
97Kygo & Maty Noyes377,161,000Stay
55%
23Fifth Harmony & Ty Dolla Sign631,136,000Work from Home
55%
41Imagine Dragons551,066,000Radioactive
54%
7Mike Posner798,040,000I Took a Pill in Ibiza
53%
69Jessie J, Ariana Grande & Nicki Minaj453,939,000Bang Bang
52%
38Desiigner557,039,000Panda
52%
24The Weeknd628,137,000Starboy
52%
6Ed Sheeran830,143,000Thinking Out Loud
52%
79Magic!422,313,000Rude
51%
81Pitbull & Kesha418,511,000Timber
51%
92Lorde386,748,000Royals
50%
48OneRepublic515,108,00Counting Stars
49%
11Major Lazer, Justin Bieber and MO705,502,000Cold Water
48%
32Sam Smith587,209,000Stay with Me
48%
8Justin Bieber785,658,000What Do You Mean
48%
9The Chainsmokers & Daya780,994,000Don't Let Me Down
46%
21Calvin Harris & Rihanna645,467,000This is What You Came For
46%
14The Weeknd679,699.000Can't Feel My Face
45%
93Meghan Trainor384,804,000All About That Bass
44%
28Drake609,272,000Hotline Bling
44%
76Bastille427,785,000Pompeii
44%
35Justin Timberlake567,639,000Can't Stop the Feeling
43%
80WALK THE MOON418,706,000Shut Up and Dance
43%
43Twenty One Pilots547,130,000Heathens
42%
44Shawn Mendes545,892,000Treat You Better
42%
37Ellie Goulding561,251,000Love Me Like You Do
41%
36The Weeknd567,165,000The Hills
41%
15DJ Snake & Justin Bieber678,027,000Let Me Love You
40%
63Charlie Puth & Selena Gomez469,674,000We Don't Talk Anymore
40%
74Ariana Grande & Nicki Minaj433,045,000Side to Side
39%
56Macklemore and Ryan Lewis & Ray Dalton497,304,000Can't Hold Us
37%
71Vance Joy438,901,000Riptide
37%
42Zara Larsson549,746,000Lush Life
35%
45Clean Bandit & Jess Glynne528,029,000Rather Be
34%
54Twenty One Pilots499,640,000Ride
34%
29Ed Sheeran607,238,000Photograph
33%
53Fetty Wap504,814,000Trap Queen
32%
73Katy Perry & Juicy J434,817,000Dark Horse
30%
34G-Eazy & Bebe Rexha576,642,000Me Myself and I
30%
49The Chainsmokers & Rozes513,771,000Roses
28%
72Calvin Harris436,914,000Summer
28%
64Imagine Dragons469,575,000Demons
27%
50Jonas Blue & Dakota509,892,000Fast Car
27%
83James Arthur410,883,000Say You Won't Let Go
25%
26Jack U & Justin Bieber623,527,000Where Are U Now
25%
78Zara Larsson & MNEK425,748,000Never Forget You
23%
60Gnash & Olivia O'Brien490,660,000I Hate U I Love U
21%
65Martin Garrix & Bebe Rexha467,811,000In the Name of Love
20%
82Flo Rida411,768,000My House
20%
62Calvin Harris & Disciples478,686,000How Deep Is Your Love
19%
89Hailee Steinfeld, Grey & Zedd389,845,000Starving
19%
46Drake & Rihanna526,632,000Too Good
19%
58Kygo & Conrad Sewell491,938,000Firestone
18%
87Mr Probz391,639,000Waves
18%
96R.City & Adam Levine377,562,000Locked Away
16%
84Calvin Harris & John Newman401,390,000Blame
14%
30Major Lazer, Nyla & Fuse ODG595,876,000Light It Up
14%
86Galantis394,377,000No Money
14%
91Cheat Codes & Kris Kross Amsterdam389,076,000Sex
14%
61Jason Derulo481,854,000Want to Want Me
14%
67The Weeknd460,827,000Earned It
13%
90Sam Smith389,406,000I'm Not the Only One
12%
68DJ Snake & Bipolar Sunshine460,685,000Middle
12%
99Ariana Grande371,261,000Into You
10%
98Jonas Blue & JP Cooper373,386,000Perfect Strangers
10%
88Flo Rida, Sage the Gemini & Lookas390,726,000G.D.F.R
9%
75Lilly Wood and the Prick & Robin Schulz431,305,000Prayer in C
9%
66Kygo & Parson James463,196,000Stole the Show
8%
95Avicii378,405,000Waiting for Love
7%
70Rihanna450,383,000Needed Me
6%
77Ed Sheeran427,722,000I See Fire
5%
94Mike Perry & Shy Martin379,956,000The Ocean
5%
85Coldplay396,267,000A Sky Full of Stars
4%

Score Distribution

Percentile by Number Answered

Percent of People with Each Score

Your Score History

You have not taken this quiz